| 000 | 00414nam a2200169Ia 4500 | ||
|---|---|---|---|
| 005 | 20250109035032.0 | ||
| 008 | 240331s9999 xx 000 0 und d | ||
| 020 | _a019564249X | ||
| 082 |
_bSAN _24268 _a305.3 |
||
| 100 | _aGilman, S.L | ||
| 245 | 0 | _aFreud, Race, and Gender | |
| 260 |
_aDelhi _bOxford University Press _c1997 |
||
| 300 | _axvi, 277 p., (C II) | ||
| 650 | _aRace | ||
| 650 | _aGender | ||
| 942 | _cL | ||
| 999 |
_c1585 _d1585 |
||